000 00950cam a2200241 4500
001 ABS62433
008 000000n2000 000 0 eng u
035 _a(Sirsi) u106477
100 _aRatcliffe, J.
245 _aScenario building: a suitable method for strategic property planning?
260 _c2000
490 _aProperty Management
_v18(2) June 2000, 127-144(10)
520 _aExamines the principles and practice of the scenario method - a technique used by decision makers in business and government to learn about the future before it happens. Considers whether it is a suitable method for the study of future property investment and development decisions. References.
590 _aABS
650 _aSCENARIO BUILDING
650 _aTRENDS
650 _aFORECASTS
650 _aPROPERTY STRATEGY
650 _aPROPERTY INVESTMENT
650 _aPROPERTY DEVELOPMENT
690 _aMANAGEMENT-BUSINESS MANAGEMENT
942 _n0
999 _c63783
_d63783